| 000 | 00376 a2200109 4500 | ||
|---|---|---|---|
| 001 | ART_55605 | ||
| 005 | 20260410161634.0 | ||
| 008 | 260409a | ||
| 245 | 1 | 0 | _aProyecto N° 45 de resolución técnica "Normas contables profesionales. Norma unificada argentina de contabilidad". |
| 100 | 1 | _aSuardi, Diana | |
| 773 | 0 |
_tEnfoques _g- N° 3 (mar. 2022) _wREV416 |
|
| 999 |
_c12731 _d12731 |
||